The Economic Devleopment of India / (Record no. 194008)
[ view plain ]
| 000 -LEADER | |
|---|---|
| fixed length control field | 01220 a2200157 4500 |
| 003 - CONTROL NUMBER IDENTIFIER | |
| control field | Nust |
| 005 - DATE AND TIME OF LATEST TRANSACTION | |
| control field | 20230208113630.0 |
| 040 ## - CATALOGING SOURCE | |
| Transcribing agency | Nust |
| 082 ## - DEWEY DECIMAL CLASSIFICATION NUMBER | |
| Classification number | 954.330,ANS |
| 100 ## - MAIN ENTRY--PERSONAL NAME | |
| Personal name | Vera Anstey |
| 9 (RLIN) | 108733 |
| 245 ## - TITLE STATEMENT | |
| Title | The Economic Devleopment of India / |
| Statement of responsibility, etc. | Vera Anstey |
| 260 ## - PUBLICATION, DISTRIBUTION, ETC. | |
| Place of publication, distribution, etc. | London |
| Name of publisher, distributor, etc. | Longman publishers |
| Date of publication, distribution, etc. | 1942 |
| 300 ## - PHYSICAL DESCRIPTION | |
| Extent | 581 pages |
| 505 ## - FORMATTED CONTENTS NOTE | |
| Formatted contents note | Introduction (Page-1), The Resources of India (Page- 11), Population, Social Organization, and Economic Development (Page- 38), Public Health and Economic Development (Page- 66), economic Organization (Page- 96), Transport and Communications (Page- 128), Agricultural and Allied Problems and Policy (Page- 155), The Trend of Industry and Industrial Policy (Page- 207), India’s Large-Scale Industries (Page- 234), India’s Large-Scale Industries (continued) (Page- 260), The Protection of Industrial Labor by the State and by Voluntary Organization (Page- 294), The Trend of Foreign Trade and of Commercial Policy (Page-329), The Financial System and Financial Developments (Page- 364), Banking and Currency (Page-403), The Prosperity of the People (Page- 433), Conclusions (Page- 470), Economic Developments Since 1929 (Page- 488). |
| 942 ## - ADDED ENTRY ELEMENTS (KOHA) | |
| Source of classification or shelving scheme | |
| Koha item type | Book |
| Call number prefix | 954.330,ANS |
| Withdrawn status | Lost status | Source of classification or shelving scheme | Damaged status | Not for loan | Permanent Location | Current Location | Shelving location | Date acquired | Full call number | Barcode | Date last seen | Price effective from | Koha item type | Public note |
|---|---|---|---|---|---|---|---|---|---|---|---|---|---|---|
| Military College of Signals (MCS) | Military College of Signals (MCS) | General Stacks | 12/12/2016 | 954.330,ANS | MCS29760 | 12/08/2016 | 12/12/2016 | Book | Almirah No. 61, Shelf No. 5 |
